Přehled výzkumných prací VÚ VTR 1990

Guardado en:
Detalles Bibliográficos
Formato: Libro
Lenguaje:checo
Publicado: Praha Výzkumný ústav pro vědecko-technický rozvoj 1991
Etiquetas: Agregar Etiqueta
Sin Etiquetas, Sea el primero en etiquetar este registro!

MARC

LEADER 00000nam a2200000 4500
001 c037815
005 20251111084755.1
041 0 |a cze 
044 |a CZ 
245 1 0 |a Přehled výzkumných prací VÚ VTR 1990 
264 1 |a Praha  |b Výzkumný ústav pro vědecko-technický rozvoj  |c 1991 
300 |a 24 s.